[Event "Gibraltar Masters 17th"]
[Site "Caleta"]
[Date "2019.01.28"]
[Round "7"]
[White "Verneuil, Pascal"]
[Black "Hewson, Brian Wr"]
[Result "1-0"]
[WhiteElo "2114"]
[BlackElo "2006"]
[PlyCount "99"]
[EventDate "2019.01.22"]
[EventType "swiss"]
[EventRounds "10"]
[EventCountry "GGB"]
[SourceTitle "CBM 188 Extra"]
[Source "ChessBase"]
[SourceDate "2019.02.26"]
[SourceVersion "1"]
[SourceVersionDate "2019.02.26"]
[SourceQuality "1"]

1. e4 c6 2. d4 d5 3. e5 Bf5 4. Bd3 Bxd3 5. Qxd3 e6 6. Ne2 Nd7 7. 0-0 c5 8. Qg3 Ne7 9. Bg5 Nf5 10. Bxd8 Nxg3 11. hxg3 Rxd8 12. c3 Be7 13. Nd2 cxd4 14. cxd4 Rc8 15. Rac1 0-0 16. f4 Nb6 17. Kf2 Bb4 18. Nc3 Bxc3 19. bxc3 Nc4 20. Ke2 b6 21. g4 Nxd2 22. Kxd2 Rc4 23. f5 Rfc8 24. Rf3 Ra4 25. Rc2 Ra3 26. Kc1 b5 27. Kb2 Ra4 28. fxe6 fxe6 29. Rcf2 Rac4 30. Rf7 R4c7 31. Rxc7 Rxc7 32. Kb3 Rc4 33. a3 a5 34. Rb2 Kf7 35. Kc2 Ra4 36. Rb3 Ke7 37. Kb2 b4 38. cxb4 axb4 39. Rxb4 Ra7 40. Kb3 h6 41. Rb6 Rc7 42. a4 Rc1 43. a5 Ra1 44. Kb4 Rb1+ 45. Kc5 Rc1+ 46. Kb5 Rb1+ 47. Kc6 Rc1+ 48. Kb7 Kd7 49. Rd6+ Ke7 50. a6 1-0

[Event "Gibraltar Challengers op-B"]
[Site "Caleta"]
[Date "2019.01.28"]
[Round "3"]
[White "Verneuil, Pascal"]
[Black "Meszaros, Andras"]
[Result "0-1"]
[WhiteElo "2114"]
[BlackElo "2226"]
[PlyCount "110"]
[EventDate "2019.01.26"]
[EventType "swiss"]
[EventRounds "5"]
[EventCountry "GGB"]
[SourceTitle "CBM 188 Extra"]
[Source "ChessBase"]
[SourceDate "2019.02.26"]
[SourceVersion "1"]
[SourceVersionDate "2019.02.26"]
[SourceQuality "1"]

1. e4 e6 2. d4 d5 3. Bd3 dxe4 4. Bxe4 Nf6 5. Bf3 c5 6. Ne2 Nc6 7. c3 Be7 8. 0-0 0-0 9. Be3 cxd4 10. Nxd4 Nd5 11. Nxc6 bxc6 12. Qc1 Qc7 13. Bg5 f6 14. Bh4 e5 15. c4 Nf4 16. Bg3 Ne6 17. Nc3 Nd4 18. Bd1 a5 19. f4 Nf5 20. Bb3 a4 21. Bc2 Nxg3 22. hxg3 Bc5+ 23. Kh2 a3 24. f5 axb2 25. Qxb2 Bd4 26. Bb3 g6 27. c5+ Kh8 28. Rad1 Bxf5 29. Rxd4 exd4 30. Ne2 Rad8 31. Qd2 Qe5 32. Rf4 d3 33. Ng1 Qxc5 34. Nf3 Kg7 35. Rc4 Qd6 36. Nd4 Be4 37. Ra4 Bd5 38. Qxd3 Bxb3 39. Qxb3 Rfe8 40. Qb7+ Rd7 41. Qxc6 Qxc6 42. Nxc6 Re2 43. Rd4 Rxd4 44. Nxd4 Rxa2 45. Ne6+ Kf7 46. Nf4 g5 47. Nh3 h5 48. Kh1 Ra1+ 49. Kh2 Rf1 50. Ng1 Ke6 51. Ne2 Kd5 52. Ng1 Ke4 53. Nf3 Rxf3 54. gxf3+ Kxf3 55. Kh3 Kf2 0-1

[Event "Gibraltar Masters 16th"]
[Site "Caleta"]
[Date "2018.02.01"]
[Round "10"]
[White "Garcia Martin, Marta"]
[Black "Verneuil, Pascal"]
[Result "1-0"]
[WhiteElo "2323"]
[BlackElo "2159"]
[PlyCount "111"]
[EventDate "2018.01.23"]
[EventType "swiss"]
[EventRounds "10"]
[EventCountry "GGB"]
[SourceTitle "CBM 183"]
[Source "ChessBase"]
[SourceDate "2018.03.14"]
[SourceVersion "1"]
[SourceVersionDate "2018.03.14"]
[SourceQuality "1"]

1. e4 c5 2. c3 d5 3. exd5 Qxd5 4. d4 Nc6 5. Nf3 Bf5 6. Be3 Nf6 7. Na3 cxd4 8. Bc4 Qd7 9. Nxd4 Be4 10. Nxc6 Bxc6 11. Qxd7+ Nxd7 12. Nb5 Bxb5 13. Bxb5 a6 14. Be2 0-0-0 15. 0-0-0 e6 16. Kc2 Be7 17. h4 Nf6 18. Bd4 Rhg8 19. h5 h6 20. Bf3 Nd7 21. Rhe1 Nf6 22. a4 Rd7 23. b4 Nd5 24. Be5 Nb6 25. Kb3 Bf6 26. Rxd7 Nxd7 27. Bg3 Rd8 28. Re4 b5 29. axb5 axb5 30. Be2 Nb6 31. Bxb5 Rd2 32. Re2 Rd5 33. Ba6+ Kd7 34. Re3 Rxh5 35. c4 Ke7 36. Rd3 Be5 37. f4 Bc7 38. Bf2 Nd7 39. g4 Rh2 40. Bb5 Nb8 41. Bc5+ Kf6 42. Bd6 Bxd6 43. Rxd6 Ke7 44. c5 h5 45. gxh5 Rxh5 46. Rb6 Rh8 47. Rb7+ Kf6 48. c6 Rh3+ 49. Kc2 Nxc6 50. Bxc6 Rh4 51. Be8 Kf5 52. Rxf7+ Ke4 53. b5 Rh2+ 54. Kc3 Rh8 55. Bc6+ Ke3 56. b6 1-0

[Event "Gibraltar Masters 16th"]
[Site "Caleta"]
[Date "2018.01.28"]
[Round "6"]
[White "Gara, Anita"]
[Black "Verneuil, Pascal"]
[Result "1-0"]
[WhiteElo "2350"]
[BlackElo "2159"]
[PlyCount "121"]
[EventDate "2018.01.23"]
[EventType "swiss"]
[EventRounds "10"]
[EventCountry "GGB"]
[SourceTitle "CBM 183"]
[Source "ChessBase"]
[SourceDate "2018.03.14"]
[SourceVersion "1"]
[SourceVersionDate "2018.03.14"]
[SourceQuality "1"]

1. e4 c5 2. Nf3 Nc6 3. c3 d5 4. exd5 Qxd5 5. d4 Bf5 6. Be3 e6 7. Be2 cxd4 8. Nxd4 Nxd4 9. Qxd4 Ne7 10. Qxd5 Nxd5 11. Bb5+ Ke7 12. Bd2 f6 13. 0-0 Rd8 14. Be2 Kf7 15. a3 Bd6 16. g3 h5 17. c4 Ne7 18. Be3 Be5 19. Nc3 Nc6 20. Rad1 g6 21. Nb5 a6 22. f4 axb5 23. fxe5 Nxe5 24. cxb5 Bg4 25. Kf2 Bh3 26. Rxd8 Rxd8 27. Rc1 Rd7 28. a4 Bf5 29. Rc3 Nd3+ 30. Bxd3 Bxd3 31. Rc5 Ke7 32. h4 Kd8 33. Rc3 e5 34. Bc5 e4 35. Ke3 Ke8 36. Bd4 f5 37. Rc5 Ke7 38. Rc8 Kf7 39. Bc3 Bf1 40. Bd4 Bd3 41. b6 Bf1 42. Rh8 Bc4 43. Rc8 Bf1 44. Rc3 Ke6 45. b4 Rd8 46. Rc7 Rd7 47. Rc8 Kf7 48. b5 Bd3 49. Rc5 Ke6 50. a5 Ke7 51. Be5 Bf1 52. Kf2 Bh3 53. a6 Rd2+ 54. Ke3 Rd3+ 55. Kf4 e3 56. axb7 e2 57. b8Q e1Q 58. Rc7+ Rd7 59. Rxd7+ Kxd7 60. Qd6+ Ke8 61. Qe6+ 1-0

[Event "Martinique-ch"]
[Site "Le Lamentin"]
[Date "2017.05.21"]
[Round "3"]
[White "Chancerel, Dominique"]
[Black "Verneuil, Pascal"]
[Result "0-1"]
[WhiteElo "1815"]
[BlackElo "2197"]
[PlyCount "94"]
[EventDate "2017.05.21"]
[EventType "tourn"]
[EventRounds "11"]
[EventCountry "MFR"]
[SourceTitle "EXT 2019"]
[Source "ChessBase"]
[SourceDate "2018.10.10"]
[SourceVersion "1"]
[SourceVersionDate "2018.10.10"]
[SourceQuality "1"]

1. c4 e5 2. Nc3 Nf6 3. g3 Nc6 4. Bg2 Bc5 5. Nf3 0-0 6. 0-0 d6 7. d3 h6 8. Na4 Bb6 9. Nxb6 axb6 10. Bd2 Be6 11. b4 Nd7 12. b5 Na5 13. Qc1 Kh7 14. Qc2 f5 15. Bc3 Qf6 16. Nd2 Nc5 17. f4 Rae8 18. fxe5 dxe5 19. Nf3 Bc8 20. Rae1 Qd6 21. d4 exd4 22. Bxd4 g6 23. Bb2 Ne4 24. Kh1 Qc5 25. Rc1 Be6 26. Ne5 Nd6 27. Qc3 Rg8 28. Ba3 Nxb5 29. cxb5 Qxb5 30. Qxc7+ Rg7 31. Qd6 Bxa2 32. Nd3 Nc4 33. Rxc4 Bxc4 34. Bb2 Rd7 35. Qf6 Bxd3 36. exd3 Qxd3 37. Rc1 Qd2 38. h4 Qf2 39. Kh2 Qe2 40. Bc3 Qe6 41. Bh3 Qxf6 42. Bxf6 Re6 43. Bc3 Kg8 44. h5 Re2+ 45. Kg1 Kf7 46. hxg6+ Kxg6 47. Bf1 Re6 0-1

[Event "Martinique-ch"]
[Site "Le Lamentin"]
[Date "2017.05.21"]
[Round "6"]
[White "Verneuil, Pascal"]
[Black "Grange, Julien2222"]
[Result "1-0"]
[WhiteElo "2197"]
[BlackElo "1892"]
[PlyCount "139"]
[EventDate "2017.05.21"]
[EventType "tourn"]
[EventRounds "11"]
[EventCountry "MFR"]
[SourceTitle "EXT 2019"]
[Source "ChessBase"]
[SourceDate "2018.10.10"]
[SourceVersion "1"]
[SourceVersionDate "2018.10.10"]
[SourceQuality "1"]

1. e4 c5 2. Nc3 Nc6 3. Bb5 Nd4 4. Nf3 e6 5. Nxd4 cxd4 6. Ne2 Nf6 7. Bd3 d5 8. exd5 Qxd5 9. 0-0 Bd6 10. Ng3 Bd7 11. Be2 d3 12. Bf3 dxc2 13. Qxc2 Qb5 14. a4 Qa6 15. b4 Rc8 16. Qb3 b5 17. Be2 Qb6 18. a5 Qb8 19. Bb2 Be5 20. d4 Bxg3 21. fxg3 Nd5 22. Rac1 Rxc1 23. Rxc1 0-0 24. Bf3 Qd6 25. Rc5 Bc6 26. Bc1 Rd8 27. Bg5 f6 28. Bd2 a6 29. Bg4 Kf7 30. h3 g6 31. Kh2 h5 32. Qc2 hxg4 33. Rxc6 Qe7 34. Qe4 f5 35. Qe2 gxh3 36. gxh3 Rd6 37. Bg5 Qd7 38. Rc5 Rc6 39. Qe5 Rxc5 40. dxc5 Kg8 41. Bd2 Kh7 42. h4 Nf6 43. Qc3 Ng4+ 44. Kg1 Qc6 45. Qd3 Ne5 46. Qe3 Ng4 47. Qd3 Ne5 48. Qe2 Qd5 49. Bc3 Nc6 50. Qe3 e5 51. Bd2 Qe6 52. Qh6+ Kg8 53. h5 f4 54. hxg6 Qd7 55. gxf4 exf4 56. Qxf4 Qd4+ 57. Qxd4 Nxd4 58. Kf2 Nc6 59. Bc3 Ne7 60. Bf6 Nd5 61. c6 Nxf6 62. c7 Ne4+ 63. Ke3 Nd6 64. Kd4 Kg7 65. Kd5 Nc8 66. Kc6 Kxg6 67. Kd7 Na7 68. c8Q Nxc8 69. Kxc8 Kf6 70. Kb7 1-0

[Event "Gibraltar Challenger op-B"]
[Site "Caleta"]
[Date "2017.02.01"]
[Round "5"]
[White "Schouten, Freek"]
[Black "Verneuil, Pascal"]
[Result "0-1"]
[WhiteElo "2095"]
[BlackElo "2215"]
[PlyCount "160"]
[EventDate "2017.01.28"]
[EventType "swiss"]
[EventRounds "5"]
[EventCountry "GGB"]
[SourceTitle "EXT 2018"]
[Source "ChessBase"]
[SourceDate "2017.10.13"]
[SourceVersion "1"]
[SourceVersionDate "2017.10.13"]
[SourceQuality "1"]

1. d4 Nf6 2. c4 c5 3. d5 e6 4. Nc3 exd5 5. cxd5 d6 6. e4 g6 7. f4 Bg7 8. Bb5+ Nfd7 9. Nf3 0-0 10. 0-0 a6 11. Bd3 b5 12. Kh1 c4 13. Bc2 Nc5 14. f5 Nbd7 15. Qe1 Ne5 16. Qg3 Nxf3 17. Rxf3 Be5 18. Bf4 Bxf4 19. Rxf4 Qf6 20. Raf1 Qe5 21. Nd1 Nd7 22. Ne3 Nf6 23. Qg5 Kg7 24. Rh4 h5 25. Rhf4 Rh8 26. Qg3 Rh6 27. h4 Ra7 28. Qf2 Rb7 29. g4 hxg4 30. Nxg4 Nxg4 31. Rxg4 f6 32. Rxg6+ Rxg6 33. fxg6 Bg4 34. Qg2 Bd7 35. Bd1 Rb8 36. h5 Rh8 37. Bf3 Rh6 38. Qh2 Qe7 39. Qf4 Be8 40. Kg2 b4 41. Qd2 Qe5 42. Kf2 c3 43. bxc3 bxc3 44. Qe3 Bxg6 45. Qa7+ Bf7 46. Rg1+ Kf8 47. Ke2 f5 48. Qb8+ Ke7 49. Qc7+ Kf6 50. Qd8+ Qe7 51. Qxe7+ Kxe7 52. exf5 Bxh5 53. Bxh5 Rxh5 54. Kd3 Rxf5 55. Kxc3 Rxd5 56. Rg7+ Ke6 57. a4 Rc5+ 58. Kd3 Kd5 59. Rg4 a5 60. Rh4 Kc6 61. Rh8 Rg5 62. Ra8 Rg3+ 63. Kc4 Rg4+ 64. Kb3 Kb6 65. Rb8+ Ka6 66. Rb5 Rd4 67. Rb8 Rd1 68. Kb2 Rd5 69. Kb3 Rc5 70. Kb2 Rc6 71. Ka3 d5 72. Rd8 Rc5 73. Rb8 Ka7 74. Rh8 Kb6 75. Rb8+ Kc7 76. Rh8 d4 77. Rh4 Rc4 78. Kb3 Rb4+ 79. Kc2 d3+ 80. Kxd3 Rxh4 0-1

[Event "Gibraltar Masters 15th"]
[Site "Caleta"]
[Date "2017.01.26"]
[Round "3"]
[White "Verneuil, Pascal"]
[Black "Wemmers, Xander"]
[Result "1/2-1/2"]
[WhiteElo "2215"]
[BlackElo "2424"]
[PlyCount "125"]
[EventDate "2017.01.24"]
[EventType "swiss"]
[EventRounds "10"]
[EventCountry "GGB"]
[SourceTitle "CBM 177"]
[Source "ChessBase"]
[SourceDate "2017.03.16"]
[SourceVersion "1"]
[SourceVersionDate "2017.03.16"]
[SourceQuality "1"]

1. e4 e5 2. Nf3 Nc6 3. Bb5 a6 4. Ba4 Nf6 5. d3 d6 6. c4 g6 7. h3 Bg7 8. 0-0 0-0 9. Bxc6 bxc6 10. Nc3 Nd7 11. Bg5 f6 12. Bh4 c5 13. Ne1 Rf7 14. Nc2 Rb8 15. Rb1 Nf8 16. b4 Ne6 17. f3 c6 18. a4 cxb4 19. Nxb4 Rfb7 20. Nba2 Rxb1 21. Nxb1 d5 22. exd5 cxd5 23. Nbc3 d4 24. Ne4 Qf8 25. Qc2 f5 26. Nd2 Bd7 27. Rb1 Nc5 28. Rb4 Bh6 29. Be7 Be3+ 30. Kh1 Qxe7 31. Rxb8+ Kg7 32. Nf1 f4 33. Nb4 Qh4 34. Qe2 a5 35. Nc2 Bf5 36. Nfxe3 fxe3 37. Nxe3 dxe3 38. Qxe3 Qd4 39. Qg5 Qd6 40. Rb5 h6 41. Qe3 Nd7 42. Rxa5 h5 43. Rd5 Qa3 44. a5 Kf7 45. f4 e4 46. a6 Qxa6 47. Qd4 Qb7 48. dxe4 Be6 49. Rd6 Ke7 50. f5 gxf5 51. exf5 Qb1+ 52. Kh2 Qxf5 53. Kh1 Qb1+ 54. Kh2 Qb8 55. c5 Qc7 56. Qg7+ Bf7 57. Kh1 Nxc5 58. Qe5+ Be6 59. Rd5 Qxe5 60. Rxe5 Nd3 61. Rxh5 Kf6 62. Ra5 Nf4 63. Ra6 1/2-1/2

[Event "Gibraltar Masters 15th"]
[Site "Caleta"]
[Date "2017.01.24"]
[Round "1"]
[White "Verneuil, Pascal"]
[Black "Vazquez Igarza, Renier"]
[Result "0-1"]
[WhiteElo "2215"]
[BlackElo "2572"]
[PlyCount "94"]
[EventDate "2017.01.24"]
[EventType "swiss"]
[EventRounds "10"]
[EventCountry "GGB"]
[SourceTitle "CBM 177"]
[Source "ChessBase"]
[SourceDate "2017.03.16"]
[SourceVersion "1"]
[SourceVersionDate "2017.03.16"]
[SourceQuality "1"]

1. e4 c5 2. Nc3 g6 3. d4 cxd4 4. Qxd4 Nf6 5. e5 Nc6 6. Qf4 Nh5 7. Qe3 Bg7 8. f4 d5 9. Qf2 f6 10. e6 d4 11. Ne4 Bxe6 12. Be2 Bd5 13. Bd3 f5 14. Ng5 Nf6 15. Qe2 Qd6 16. N1h3 h6 17. Nf3 Ne4 18. 0-0 0-0 19. Nf2 Nc5 20. Re1 Rae8 21. Ne5 a6 22. Bc4 Nxe5 23. fxe5 Qe6 24. Bxd5 Qxd5 25. b3 Ne6 26. Nd3 Rc8 27. Ba3 Rf7 28. Rac1 h5 29. Bb4 Bh6 30. Bd2 Bxd2 31. Qxd2 f4 32. Qe2 f3 33. Qe4 Qxe4 34. Rxe4 fxg2 35. Kxg2 Rff8 36. Re2 Nf4+ 37. Nxf4 Rxf4 38. Rf1 Rxf1 39. Kxf1 Kf7 40. Ke1 Rc3 41. e6+ Kf6 42. Kd2 Rh3 43. a4 Kf5 44. a5 g5 45. Ke1 Re3 46. Rxe3 dxe3 47. c4 Ke4 0-1

[Event "Martinique-ch"]
[Site "Madiana"]
[Date "2016.05.08"]
[Round "4"]
[White "Verneuil, Pascal"]
[Black "Suez Panama, Gilles"]
[Result "1/2-1/2"]
[WhiteElo "2191"]
[BlackElo "2022"]
[PlyCount "149"]
[EventDate "2016.05.05"]
[EventType "tourn"]
[EventRounds "11"]
[EventCountry "MFR"]
[SourceTitle "EXT 2019"]
[Source "ChessBase"]
[SourceDate "2018.10.10"]
[SourceVersion "1"]
[SourceVersionDate "2018.10.10"]
[SourceQuality "1"]

1. e4 e6 2. d4 d5 3. Bd3 c5 4. exd5 Qxd5 5. Nc3 Qd8 6. Nf3 Nc6 7. Be3 cxd4 8. Nxd4 Nf6 9. 0-0 Be7 10. Nxc6 bxc6 11. Qf3 Nd5 12. Nxd5 cxd5 13. Bb5+ Bd7 14. Bxd7+ Qxd7 15. c4 0-0 16. cxd5 Qxd5 17. Qxd5 exd5 18. Rfd1 Rfd8 19. Bd4 Rd7 20. Rac1 h5 21. Rc6 Bd6 22. g3 f6 23. Rdc1 Kf7 24. Kf1 h4 25. b3 hxg3 26. hxg3 a5 27. Bc5 Be5 28. f4 Bb2 29. Rc2 Ba1 30. Ke2 d4 31. Kd3 Re8 32. Re2 Rxe2 33. Kxe2 d3+ 34. Kd1 Rd5 35. Be3 f5 36. Kd2 a4 37. Rc5 Rxc5 38. Bxc5 axb3 39. axb3 Ke6 40. Kxd3 Kd5 41. Bb4 Bd4 42. Bc3 Bf2 43. Bxg7 Bxg3 44. Ke3 Be1 45. Bf8 Ba5 46. b4 Bb6+ 47. Kd3 Bc7 48. Bh6 Bb6 49. Kc3 Bd4+ 50. Kb3 Be3 51. Ka4 Kc4 52. Bg5 Bd2 53. b5 Kc5 54. Be7+ Kb6 55. Bd6 Be3 56. Kb4 Bd2+ 57. Kc4 Be3 58. Be5 Bc1 59. Bd4+ Kb7 60. Be5 Kb6 61. Bd6 Be3 62. Bb8 Kb7 63. Kd3 Bc1 64. Be5 Kb6 65. Kc4 Bd2 66. Bd4+ Kb7 67. Kd5 Bxf4 68. Ke6 Bd2 69. Kxf5 Ba5 70. Ke5 Bc3 71. Kd5 Be1 72. Kc5 Ba5 73. b6 Bxb6+ 74. Kd5 Bxd4 75. Kxd4 1/2-1/2

[Event "Martinique-ch"]
[Site "Madiana"]
[Date "2016.05.06"]
[Round "2"]
[White "Verneuil, Pascal"]
[Black "Chancerel, Dominique"]
[Result "1-0"]
[WhiteElo "2191"]
[BlackElo "1853"]
[PlyCount "79"]
[EventDate "2016.05.05"]
[EventType "tourn"]
[EventRounds "11"]
[EventCountry "MFR"]
[SourceTitle "EXT 2019"]
[Source "ChessBase"]
[SourceDate "2018.10.10"]
[SourceVersion "1"]
[SourceVersionDate "2018.10.10"]
[SourceQuality "1"]

1. e4 e5 2. Nf3 Nc6 3. Bc4 Nf6 4. d3 Bc5 5. c3 d6 6. b4 Bb6 7. a4 a5 8. b5 Ne7 9. Qb3 0-0 10. Bg5 Ng6 11. 0-0 h6 12. Be3 Bxe3 13. fxe3 Qe7 14. Nbd2 Bd7 15. d4 Rae8 16. Rae1 Bg4 17. Bd3 b6 18. c4 Kh8 19. Qc2 Rd8 20. Nb3 Nh5 21. Re2 Nh4 22. Kh1 Qf6 23. Ref2 Nxf3 24. gxf3 Bc8 25. Rg1 g5 26. Be2 Rg8 27. Bd1 exd4 28. Nxd4 Rde8 29. Rfg2 Bd7 30. Qd2 Qe5 31. f4 gxf4 32. Bxh5 Qxh5 33. exf4 Rg4 34. Qc3 Kh7 35. Ne2 Reg8 36. Ng3 Qh4 37. Qd3 Bc8 38. Qd5 Be6 39. Qc6 Rxf4 40. Nf5 1-0

[Event "Martinique op"]
[Site "Lamentin"]
[Date "2016.04.03"]
[Round "9.1"]
[White "Edouard, Romain"]
[Black "Verneuil, Pascal"]
[Result "1-0"]
[WhiteElo "2620"]
[BlackElo "2201"]
[PlyCount "79"]
[EventDate "2016.03.30"]
[EventType "swiss"]
[EventRounds "9"]
[EventCountry "FRA"]
[SourceTitle "EXT 2024"]
[Source "ChessBase"]
[SourceDate "2023.10.10"]
[SourceVersion "1"]
[SourceVersionDate "2023.10.10"]
[SourceQuality "1"]

1. e4 c5 2. Nf3 Nc6 3. Bb5 e6 4. 0-0 Nge7 5. Re1 a6 6. Bf1 d5 7. exd5 Nxd5 8. d4 cxd4 9. Nxd4 Bc5 10. Nxc6 bxc6 11. Qe2 Qf6 12. c4 Nf4 13. Qd2 Ng6 14. Nc3 Qe7 15. a3 0-0 16. Ne4 Rd8 17. Qc2 Bd4 18. c5 e5 19. Rb1 Bf5 20. b4 Bxe4 21. Qxe4 Qf6 22. Be3 Bxe3 23. fxe3 Ne7 24. Bc4 Qf5 25. Qxf5 Nxf5 26. g4 Nh4 27. Rf1 Rd7 28. Rbd1 Re7 29. Rd6 e4 30. Rxc6 Nf3+ 31. Kg2 a5 32. Ra6 Rd8 33. Rd1 Rf8 34. Rxa5 Ne5 35. Be2 f5 36. gxf5 Rxf5 37. c6 Rg5+ 38. Kh1 Kf7 39. Rc5 Nf3 40. Rxg5 1-0

[Event "Gibraltar Challengers-B 14th"]
[Site "Caleta"]
[Date "2016.02.02"]
[Round "4"]
[White "Longa Yauca, Javier"]
[Black "Verneuil, Pascal"]
[Result "1/2-1/2"]
[WhiteElo "2234"]
[BlackElo "2205"]
[PlyCount "115"]
[EventDate "2016.01.30"]
[EventType "swiss"]
[EventRounds "5"]
[EventCountry "GGB"]
[SourceTitle "CBM 170 Extra"]
[Source "ChessBase"]
[SourceDate "2016.02.25"]
[SourceVersion "1"]
[SourceVersionDate "2016.02.25"]
[SourceQuality "1"]

1. Nf3 d5 2. g3 Nf6 3. Bg2 Bg4 4. c4 e6 5. Qb3 Qc8 6. Ne5 c6 7. Nxg4 Nxg4 8. Nc3 d4 9. Ne4 Nd7 10. 0-0 f5 11. Ng5 Nc5 12. Qd1 Be7 13. d3 a5 14. b3 0-0 15. Nf3 Rd8 16. h3 Nf6 17. Bb2 e5 18. Nxe5 f4 19. gxf4 Qf5 20. Nf3 Ne6 21. e3 Bc5 22. Nh4 Qh5 23. Qxh5 Nxh5 24. f5 Nf8 25. Bf3 dxe3 26. Bxh5 exf2+ 27. Kg2 Rxd3 28. Rad1 Rad8 29. Rxd3 Rxd3 30. Rd1 f1Q+ 31. Kxf1 Rxh3 32. Be5 Rxh4 33. Bf3 g5 34. Rd8 g4 35. Bg2 Rh5 36. Be4 Rh3 37. Bf4 a4 38. Rb8 axb3 39. axb3 Rxb3 40. Bxc6 Kg7 41. Be4 Rb4 42. Be5+ Kh6 43. Bd3 Rb3 44. Ke2 Nd7 45. Bf4+ Kg7 46. Rc8 Rb2+ 47. Ke1 Rf2 48. Bb8 Kf6 49. Be2 Rg2 50. Rg8 Nxb8 51. Rxb8 Rg1+ 52. Kd2 b6 53. Bd3 g3 54. Rg8 h5 55. Rg6+ Kf7 56. Be4 h4 57. Bd5+ Ke7 58. f6+ 1/2-1/2

[Event "Gibraltar Masters 14th"]
[Site "Caleta"]
[Date "2016.02.01"]
[Round "7"]
[White "Verneuil, Pascal"]
[Black "Almagro Llamas, Pablo"]
[Result "0-1"]
[WhiteElo "2205"]
[BlackElo "2429"]
[PlyCount "110"]
[EventDate "2016.01.26"]
[EventType "swiss"]
[EventRounds "10"]
[EventCountry "GGB"]
[SourceTitle "CBM 171"]
[Source "ChessBase"]
[SourceDate "2016.03.14"]
[SourceVersion "2"]
[SourceVersionDate "2016.03.14"]
[SourceQuality "1"]

1. e4 c6 2. d4 d5 3. Nd2 dxe4 4. Nxe4 Bf5 5. Ng3 Bg6 6. f4 e6 7. Nf3 Bd6 8. Bc4 Ne7 9. 0-0 Nd7 10. Qe2 Nb6 11. Bd3 Bxd3 12. Qxd3 Qc7 13. Ne4 Nd7 14. c4 b6 15. Be3 Nf5 16. c5 Be7 17. Rad1 Rd8 18. Qe2 Nf6 19. Nxf6+ gxf6 20. b4 Rg8 21. Qf2 Rd5 22. Nh4 Nh6 23. f5 Ng4 24. Qf4 Qxf4 25. Bxf4 e5 26. h3 exf4 27. hxg4 Rxg4 28. Nf3 Kd7 29. Kf2 Rxf5 30. Rh1 h5 31. Rd3 Rg8 32. Rhd1 Rd5 33. Ra3 a5 34. Rb1 Ra8 35. bxa5 b5 36. a6 Rxc5 37. Rd3 Rc2+ 38. Rd2 Rxd2+ 39. Nxd2 Rxa6 40. Rb2 Ra4 41. Nb3 Rc4 42. Kf3 Bd6 43. Re2 f5 44. Kf2 h4 45. Nd2 Rxd4 46. Nf3 Rd1 47. Rd2 Rxd2+ 48. Nxd2 c5 49. Nf3 Be7 50. Ke2 Ke6 51. Ng1 c4 52. Kd2 b4 53. Nf3 Kd5 54. Kc2 Ke4 55. Kd2 h3 0-1

[Event "Gibraltar Challengers-B 14th"]
[Site "Caleta"]
[Date "2016.02.01"]
[Round "3"]
[White "Verneuil, Pascal"]
[Black "Ungureanu, Sandu"]
[Result "1-0"]
[WhiteElo "2205"]
[BlackElo "2051"]
[PlyCount "65"]
[EventDate "2016.01.30"]
[EventType "swiss"]
[EventRounds "5"]
[EventCountry "GGB"]
[SourceTitle "CBM 170 Extra"]
[Source "ChessBase"]
[SourceDate "2016.02.25"]
[SourceVersion "1"]
[SourceVersionDate "2016.02.25"]
[SourceQuality "1"]

1. e4 d5 2. exd5 Qxd5 3. Nc3 Qd8 4. d4 Nf6 5. Bc4 Bg4 6. f3 Bf5 7. Nge2 h6 8. Bf4 e6 9. Qd2 Bd6 10. g4 Bxf4 11. Nxf4 Bh7 12. 0-0-0 0-0 13. h4 Kh8 14. g5 Ne8 15. gxh6 Nc6 16. h5 Qxd4 17. Bd3 Bxd3 18. Nxd3 Rg8 19. Rdg1 Rd8 20. Rg4 Qf6 21. hxg7+ Rxg7 22. Ne4 Qxf3 23. Qh6+ Kg8 24. Rxg7+ Nxg7 25. Rg1 Kf8 26. Qxg7+ Ke8 27. Nf6+ Ke7 28. Ng4 Rd5 29. Kb1 Rxh5 30. Nge5 Nxe5 31. Nxe5 Qf5 32. Ng6+ Kd7 33. Rd1+ 1-0